LEADER 01006nam a2200241 4500 001 000000343504 003 CaOOAMICUS 005 20201222000000.0 008 201222s2004 it 000 u ita r 020 $a88-8155-293-0 040 $aSeMil$bita 100 1 $aGandini, Alessandro,$c.$0(OLS)http://semarc/name/7411 245 10$aIntelligenza del rito, culto del cuore /$cAlessandro Gandini ; prefazione di Claudio Magnoli. 264 1$aMilano :$bAres,$c2004. 300 $a 220 p. ;$c21 cm 650 4$aLiturgia.$0(OLS)http://semarc/subject/1618 700 1 $aMagnoli, Claudio,$c.$0(OLS)http://semarc/name/1327 850 $aSeMil 852 $aSeMil$W1$xVenegono$y1$m3K II 392$j223171$B234488$CSeMilBibl$Z2$F234488 $81 996 $6020$a88-8155-293-0$9(OLS)http://semarc/number/291923 996 $6245$aIntelligenza del rito, culto del cuore$9(OLS)http://semarc/title/432491 996 $6264$aMilano :$bAres$9(OLS)http://semarc/publisher/30250 LEADER 01196nam a2200289 i 4500 001 000000100767 003 CaOOAMICUS 005 20171002000000.0 008 171002s1999 it u000 u ita u 013 $a72919 020 $a88-8112-553-6 040 $aSeMil$bita 100 1 $aCahill, Thomas <1940- >.$0(OLS)http://semarc/name/91163 240 14$aThe gifts of the Jews.$0(OLS)http://semarc/title/406755 245 10$aCome gli Ebrei cambiarono il mondo /$cThomas Cahill ; traduzione di Maurizio Bartocci. 260 $aRoma :$bFazi,$c1999. 300 $a248 p. ;$c20 cm. 490 0 $aFazi Tascabili. Saggi ;$v8 650 4$aEbrei - Storia.$0(OLS)http://semarc/subject/4633 700 1 $aBartocci, Maurizio.$0(OLS)http://semarc/name/92707 830 0$aFazi Tascabili. Saggi ;$v8.$0(OLS)http://semarc/title/400448 850 $aSeMil 852 $aSeMil$W1$xVenegono$y1$m2R I 143$j57802$B57802$CSeMilBibl$Z2$F68278 $81 961 $aOmaggio: Perego don Stefano 996 $6020$a88-8112-553-6$9(OLS)http://semarc/number/272547 996 $6245$aCome gli Ebrei cambiarono il mondo$9(OLS)http://semarc/title/406754 996 $6260$aRoma :$bFazi$9(OLS)http://semarc/publisher/33210